000 00769nam a2200253Ia 4500
003 OSt
005 20221005120628.0
006 a|||||r|||| 00| 0
007 ta
008 221004b |||||||| |||| 00| 0 eng d
020 _a9780804751988 (hbk)
_c3121.94
024 _a102690
037 _b5521, 01/10/2009, Efficient Book Distributors
_cTextual
040 _aCRL
_cCRL
_beng
041 _2eng
_aeng
082 _aV73:12.P1, P8
100 _aChakrabarity Erwin
_9629427
245 0 _aEnhancing government
_b Federalism for the 21st century
260 _c2008
300 _aix,299p
_ccm.
650 _aHISTORY
942 _hV73:12.P1, P8
_cTEXL
_2cc
999 _c1038607
_d1038607